Guidlines for Erosion (Record no. 528304)

000 -LEADER
fixed length control field 00429nam a22001457a 4500
003 - CONTROL NUMBER IDENTIFIER
control field NUST
038 ## - RECORD CONTENT LICENSOR
Staff Name MSOHAIL
082 ## - DEWEY DECIMAL CLASSIFICATION NUMBER
Classification number 625.734
Author Mark AAS
100 ## - MAIN ENTRY--PERSONAL NAME
Personal name American Association of State Highway and Transportation Officials
9 (RLIN) 20005
245 ## - TITLE STATEMENT
Title Guidlines for Erosion
250 ## - EDITION STATEMENT
Edition statement 3
260 ## - PUBLICATION, DISTRIBUTION, ETC.
Place of publication, distribution, etc. Washington
Name of publisher, distributor, etc. American Association of State Highway and Transportation Officials
Date of publication, distribution, etc. 1973
300 ## - PHYSICAL DESCRIPTION
Extent 31,p:
Dimensions 25cm
942 ## - ADDED ENTRY ELEMENTS (KOHA)
Source of classification or shelving scheme
Koha item type Book
Holdings
Withdrawn status Lost status Source of classification or shelving scheme Damaged status Not for loan Permanent Location Current Location Date acquired Total Checkouts Full call number Barcode Date last seen Price effective from Koha item type
          School of Civil and Environmental Engineering (SCEE) School of Civil and Environmental Engineering (SCEE) 09/05/2019   625.734 AAS NIT-10360 09/05/2019 09/05/2019 Book
© 2023 Central Library, National University of Sciences and Technology. All Rights Reserved.